| 000 | 00578nam a2200181 i 4500 | ||
|---|---|---|---|
| 001 | 114742 | ||
| 003 | ES-MaACL | ||
| 005 | 20230906190236.0 | ||
| 007 | t| | ||
| 008 | 070322s1923 gw ||||1| ger d | ||
| 100 | 1 |
_aRibbert, Hugo. _996742 |
|
| 245 | 1 | 0 |
_aRibbert's Lehrbuch der allgemeinen pathologie und der pathologischen anatomie / _cherausgegeben von J.G. Mönckeberg. |
| 250 | _a9. umgearb. aufl. | ||
| 260 |
_aLeipzig : _bC. W. Vogel, _c1923. |
||
| 300 |
_aXI, 831 p. : _bil. ; _c25 cm. |
||
| 700 | 1 |
_aMönckeberg, Johann Georg. _982130 |
|
| 852 |
_aES-MaACL _jE-1493 |
||
| 999 |
_c114742 _d114742 |
||